Every Song by +44 - Statistics

General Stats
  • This quiz has been taken 17 times
  • The average score is 8 of 12
Answer Stats
Album Song % Correct
When Your Heart Stops Beating(2006) When Your Heart Stops Beating
91%
When Your Heart Stops Beating(2006) Baby Come On
82%
When Your Heart Stops Beating(2006) 155
73%
When Your Heart Stops Beating(2006) Chapter 13
73%
When Your Heart Stops Beating(2006) Lycanthrope
73%
When Your Heart Stops Beating(2006) No, It Isn't
73%
When Your Heart Stops Beating(2006) Lillian
64%
When Your Heart Stops Beating(2006) Make You Smile
64%
When Your Heart Stops Beating(2006) Interlude
55%
When Your Heart Stops Beating(2006) Little Death
55%
When Your Heart Stops Beating(2006) Cliffdiving
45%
When Your Heart Stops Beating(2006) Weatherman
45%
No matching quizzes found
Score Distribution
Percent of People with Each Score
Percentile by Number Answered
Your Score History
You have not taken this quiz